Statistics for The NFL's Most Unbreakable Records

Click here to take the quiz!

General Stats

  • This quiz has been taken 237 times
  • The average score is 7 of 15

Answer Stats

Hint Answer % Correct
Most career receiving recordsJerry Rice
88%
18,355 career rushing yardsEmmitt Smith
79%
297 games played consecutively by a QBBrett Favre
77%
2,105 rushing yeards in one seasonEric Dickerson
67%
26 straight lossesTampa Bay Buccaneers
58%
143 receptions in a seasonMarvin Harrison
55%
7 sacks in one gameDerrick Thomas
51%
26-season NFL careerGeorge Blanda
50%
347 coaching victoriesDon Shula
48%
336 receiving yards in one gameWillie Anderson
30%
81 career interceptions (defender)Paul Krause
29%
18 consecutive road winsSan Francisco 49ers
28%
10 championship appearances in 10 seasonsOtto Graham
14%
29 points scored in a quarter by one playerDon Hutson
2%
8 interceptions thrown in one gameJim Hardy
1%

Score Distribution

Percentile by Number Answered

Percent of People with Each Score

Your Score History

You have not taken this quiz